LEADER 01202nam a2200277 i 4500 001 000000055496 003 CaOOAMICUS 005 20251006112051.0 008 150904s1997 be u000 u lat u 013 $a26668 040 $aSeMil$bita 100 1 $aHrabanus, Maurus,$d.$0(OLS)http://semarc/name/2753 245 10$aRabani Mauri In honorem Sanctae Crucis :$b[tavole] /$ccura et studio Michel Perrin. 260 $aTurnhout :$bBrepols,$c1997. 300 $a1 cartella ([33] carte di tav. ripieg.: ill.) ;$c25 cm. 490 0 $aCorpus Christianorum. Continuatio Mediaevalis ;$v100.A 700 1 $aPerrin, Michel,$d<1944- >.$0(OLS)http://semarc/name/27882 830 0$aCorpus Christianorum. Continuatio Mediaevalis ;$v100.A.$0(OLS)http://semarc/title/35 850 $aSeMil 852 $aSeMil$W1$xVenegono$y1$mSL2.F CC.CM 100/A$j262811$B21650$CSeMilBibl$Z2$F21652 $8I 900 1 $aRabano, Mauro. 961 $aSottoscrizione: Brepols 996 $6245$aRabani Mauri In honorem Sanctae Crucis :$b[tavole]$9(OLS)http://semarc/title/456001 996 $6260$aTurnhout :$bBrepols$9(OLS)http://semarc/publisher/29626 LEADER 01160nam a2200229 i 4500 001 000000159386 003 CaOOAMICUS 005 20110415000000.0 008 110415s1887 it u000 u ita u 013 $a136749 040 $aSeMil$bita 245 10$aDella origine dell'anima umana :$bdissertazione letta nell'Accademia romana di S. Tommaso d'Aquino dall'Accademico Sac. Ernesto Fontana. 260 $aRoma :$bTipografia A. Befani,$c1887. 300 $a23 p. ;$c23 cm. 500 $aEstratto dal periodico L'Accademia Romana di S. Tommaso d'Aquino, a. 7., fasc. 1. 650 4$aAnima - Concezione [di] Tommaso : d'Aquino.$0(OLS)http://semarc/subject/9517 700 1 $aFontana, Ernesto,$c.$0(OLS)http://semarc/name/21459 773 0 $t[Opuscoli.$w()24619 850 $aSeMil 852 $aSeMil$W1$xVenegono$y1$m5A II 26/7 FA$j110943$B110943$CSeMilBibl$Z2$F120594 $8I 996 $6245$aDella origine dell'anima umana :$bdissertazione letta nell'Accademia romana di S. Tommaso d'Aquino dall'Accademico Sac. Ernesto Fontana$9(OLS)http://semarc/title/141352 996 $6260$aRoma :$bTipografia A. Befani$9(OLS)http://semarc/publisher/30359